[Event "HUN-chT2 Breyer 1819"]
[Site "Hungary"]
[Date "2019.03.10"]
[Round "7.7"]
[White "Czibulka, Zoltan"]
[Black "Kadlicsko, Jozsef"]
[Result "1-0"]
[WhiteElo "1963"]
[BlackElo "2070"]
[PlyCount "127"]
[EventDate "2018.10.28"]
[EventType "team-tourn"]
[EventRounds "9"]
[EventCountry "HUN"]
[SourceTitle "EXT 2021"]
[Source "ChessBase"]
[SourceDate "2020.10.23"]
[SourceVersion "1"]
[SourceVersionDate "2020.10.23"]
[SourceQuality "1"]
[WhiteTeam "Budapest HASE"]
[BlackTeam "Szekesfehervar"]
[WhiteTeamCountry "HUN"]
[BlackTeamCountry "HUN"]

1. Nf3 Nf6 2. c4 c5 3. Nc3 Nc6 4. d4 cxd4 5. Nxd4 Qb6 6. e3 g6 7. Be2 Bg7 8. 0-0 0-0 9. Qd2 d6 10. b3 Ng4 11. Nd5 Qd8 12. Bb2 e5 13. Nb5 a6 14. Nbc3 Be6 15. Rad1 Qh4 16. Bxg4 Bxg4 17. f3 Bf5 18. g4 Be6 19. Qf2 Qh6 20. Bc1 f5 21. Qg3 fxg4 22. fxg4 e4 23. g5 Rxf1+ 24. Rxf1 Qh3 25. Nf6+ Kh8 26. Ncxe4 Qxg3+ 27. Nxg3 Ne5 28. Bb2 Bh3 29. Rf2 Nd3 30. Re2 Nxb2 31. Rxb2 h6 32. Rd2 hxg5 33. Nfe4 Re8 34. Nxg5 Bg4 35. Rxd6 Be5 36. Nf7+ Kg7 37. Nxe5 Rxe5 38. Kf2 Re7 39. Rd4 Bd7 40. h4 Bc6 41. h5 Rf7+ 42. Rf4 Rd7 43. Ke2 gxh5 44. Nxh5+ Kh6 45. Nf6 Rg7 46. Nd5 Rg1 47. Rf2 Kg5 48. Kd2 b5 49. Nb4 Bb7 50. cxb5 axb5 51. Kc3 Rc1+ 52. Kd4 Re1 53. Rf7 Bc8 54. Rc7 Bf5 55. Rc5 Rd1+ 56. Ke5 Re1 57. Rc3 Bg6 58. Kd4 Kg4 59. Kc5 Be8 60. Nd5 Bf7 61. e4 b4 62. Re3 Rc1+ 63. Kxb4 Rd1 64. Kc5 1-0

[Event "HUN-chT2 Breyer 1819"]
[Site "Hungary"]
[Date "2019.02.10"]
[Round "5.6"]
[White "Pasztor, Balazs"]
[Black "Czibulka, Zoltan"]
[Result "1/2-1/2"]
[WhiteElo "2118"]
[BlackElo "1963"]
[PlyCount "88"]
[EventDate "2018.10.28"]
[EventType "team-tourn"]
[EventRounds "9"]
[EventCountry "HUN"]
[SourceTitle "CBM 189 Extra"]
[Source "ChessBase"]
[SourceDate "2019.06.03"]
[SourceVersion "1"]
[SourceVersionDate "2019.06.03"]
[SourceQuality "1"]
[WhiteTeam "Naszaly Geniusz Tata"]
[BlackTeam "Budapest HASE"]
[WhiteTeamCountry "HUN"]
[BlackTeamCountry "HUN"]

1. e4 e6 2. d4 d5 3. e5 c5 4. c3 Nc6 5. Nf3 Bd7 6. Be2 Qb6 7. 0-0 Rc8 8. Nbd2 cxd4 9. c4 Nge7 10. cxd5 Nxd5 11. Nc4 Qc5 12. Ng5 f5 13. a3 a5 14. Bd2 b5 15. Nxa5 Nxe5 16. Re1 Bd6 17. Nb7 Qb6 18. Nxd6+ Qxd6 19. Qb3 Nc4 20. Rad1 0-0 21. Qh3 h6 22. Bxc4 bxc4 23. Nf3 f4 24. Qh4 Ba4 25. Nxd4 Bxd1 26. Rxd1 Rf6 27. Qg4 Qd7 28. Nf3 Qb7 29. Bc3 Nxc3 30. bxc3 Qe4 31. Nd4 Rb8 32. h4 Rb1 33. h5 Rxd1+ 34. Qxd1 Qd3 35. Qe1 Kh7 36. a4 e5 37. Qxe5 Qd1+ 38. Kh2 Qxa4 39. Qe4+ Kh8 40. Qd5 Qe8 41. Nf3 Qf7 42. Qa8+ Kh7 43. Qe4+ Kh8 44. Qa8+ Kh7 1/2-1/2

[Event "Level op-A 3rd"]
[Site "Level"]
[Date "2015.03.28"]
[Round "3"]
[White "Forgacs, Attila"]
[Black "Czibulka, Zoltan"]
[Result "1-0"]
[WhiteElo "2167"]
[BlackElo "2008"]
[PlyCount "81"]
[EventDate "2015.03.27"]
[EventType "swiss"]
[EventRounds "7"]
[EventCountry "HUN"]
[SourceTitle "EXT 2020"]
[Source "ChessBase"]
[SourceDate "2019.10.17"]
[SourceVersion "1"]
[SourceVersionDate "2019.10.17"]
[SourceQuality "1"]

1. e4 e6 2. d4 d5 3. Nc3 Bb4 4. e5 c5 5. Qg4 Ne7 6. dxc5 Bxc3+ 7. bxc3 Qc7 8. Nf3 Qxc5 9. Bd2 Nf5 10. Bd3 h5 11. Qf4 Nc6 12. 0-0 Nce7 13. Rab1 a6 14. Nd4 g5 15. Qxg5 Rg8 16. Qxh5 Nxd4 17. cxd4 Qxd4 18. Rb4 Qc5 19. Rf4 Nf5 20. Bb4 Qc7 21. Qh7 Rg6 22. Qh8+ Kd7 23. Rxf5 exf5 24. Bxf5+ Re6 25. Bd6 Qd8 26. Bxe6+ fxe6 27. Qxd8+ Kxd8 28. h4 Bd7 29. g4 Rc8 30. Kg2 Rxc2 31. h5 Be8 32. Kg3 Bb5 33. Rd1 Rc3+ 34. Kh4 Ke8 35. f4 Rf3 36. Kg5 Kf7 37. h6 Bd3 38. Rc1 Bc4 39. f5 b5 40. Rh1 exf5 41. h7 1-0

[Event "Budapest Karacsonyi op 6th"]
[Site "Budapest"]
[Date "2014.12.29"]
[Round "5"]
[White "Molnar, Laszlo4444"]
[Black "Czibulka, Zoltan"]
[Result "0-1"]
[WhiteElo "2070"]
[BlackElo "2007"]
[PlyCount "120"]
[EventDate "2014.12.27"]
[EventType "swiss"]
[EventRounds "7"]
[EventCountry "HUN"]
[SourceTitle "EXT 2020"]
[Source "ChessBase"]
[SourceDate "2019.10.17"]
[SourceVersion "1"]
[SourceVersionDate "2019.10.17"]
[SourceQuality "1"]

1. e4 e6 2. d4 d5 3. Nd2 c5 4. exd5 Qxd5 5. Ngf3 cxd4 6. Bc4 Qd6 7. 0-0 Nf6 8. Qe2 a6 9. Ne4 Nxe4 10. Qxe4 Nc6 11. Bf4 Qc5 12. Bb3 Be7 13. Rad1 Bd7 14. Ne5 Nxe5 15. Bxe5 Bc6 16. Qf4 g5 17. Qxd4 Qxd4 18. Rxd4 Rg8 19. Rfd1 Rg6 20. c3 Bf6 21. Bxf6 Rxf6 22. c4 Ke7 23. Bc2 h5 24. b4 e5 25. R4d2 Rf4 26. Bb3 h4 27. a4 h3 28. b5 Bxg2 29. Rd7+ Kf8 30. c5 axb5 31. axb5 Ra5 32. c6 bxc6 33. b6 Rb5 34. b7 Kg7 35. Ba2 Bd5 36. Bxd5 cxd5 37. R7xd5 Rxd5 38. Rxd5 Rb4 39. f3 f6 40. Rd7+ Kg6 41. Kf2 Kf5 42. Rg7 Kf4 43. Rf7 Rb2+ 44. Ke1 f5 45. Kd1 e4 46. Kc1 Rb6 47. fxe4 Kxe4 48. Kd2 f4 49. Re7+ Kf3 50. Kd3 g4 51. Rf7 g3 52. hxg3 Kxg3 53. Rg7+ Kf2 54. Rh7 f3 55. Kd2 Kg1 56. Rg7+ Kf1 57. Rh7 f2 58. Kd1 h2 59. Kd2 h1Q 60. Rxh1+ Kg2 0-1

[Event "Budapest Karacsonyi op 6th"]
[Site "Budapest"]
[Date "2014.12.28"]
[Round "3"]
[White "Czibulka, Zoltan"]
[Black "Bartuszek, Andras"]
[Result "1-0"]
[WhiteElo "2007"]
[BlackElo "1846"]
[PlyCount "87"]
[EventDate "2014.12.27"]
[EventType "swiss"]
[EventRounds "7"]
[EventCountry "HUN"]
[SourceTitle "EXT 2020"]
[Source "ChessBase"]
[SourceDate "2019.10.17"]
[SourceVersion "1"]
[SourceVersionDate "2019.10.17"]
[SourceQuality "1"]

1. Nf3 b5 2. d4 Bb7 3. e3 a6 4. c4 c6 5. Bd3 g6 6. 0-0 Bg7 7. b3 Nf6 8. Bb2 0-0 9. Nc3 d6 10. Rc1 Nbd7 11. Nd2 b4 12. Nce4 c5 13. Rc2 Qb6 14. d5 Ne5 15. Be2 Bc8 16. Nxf6+ Bxf6 17. f4 Nd7 18. Bxf6 Nxf6 19. e4 a5 20. Bd3 e6 21. Qe1 exd5 22. exd5 Nxd5 23. Be4 Bf5 24. Bxf5 gxf5 25. cxd5 c4+ 26. Qf2 Qxf2+ 27. Kxf2 c3 28. Nc4 a4 29. Nxd6 axb3 30. axb3 Ra3 31. Rb1 Rfa8 32. Kf3 Ra2 33. Rxa2 Rxa2 34. Nxf5 Rb2 35. Ra1 h5 36. Nd4 Rd2 37. Ke3 Rxg2 38. d6 Kh7 39. Ra5 f6 40. Rb5 Kg6 41. Rc5 Rxh2 42. d7 Rh3+ 43. Ke4 f5+ 44. Kd5 1-0

[Event "Budapest Karacsonyi op 6th"]
[Site "Budapest"]
[Date "2014.12.28"]
[Round "2"]
[White "Zentai, Peter1111"]
[Black "Czibulka, Zoltan"]
[Result "1-0"]
[WhiteElo "2236"]
[BlackElo "2007"]
[PlyCount "49"]
[EventDate "2014.12.27"]
[EventType "swiss"]
[EventRounds "7"]
[EventCountry "HUN"]
[SourceTitle "EXT 2020"]
[Source "ChessBase"]
[SourceDate "2019.10.17"]
[SourceVersion "1"]
[SourceVersionDate "2019.10.17"]
[SourceQuality "1"]

1. d4 e6 2. c4 d5 3. Nf3 c6 4. Qc2 Nf6 5. g3 Nbd7 6. Bg2 Be7 7. 0-0 0-0 8. Nbd2 a5 9. e4 dxe4 10. Nxe4 Nxe4 11. Qxe4 c5 12. Rd1 cxd4 13. Nxd4 Nc5 14. Qe2 Qb6 15. Bf4 Rd8 16. Nb5 Rxd1+ 17. Rxd1 Bd7 18. Bc7 Qa6 19. Bd6 Bxb5 20. Bxe7 Bxc4 21. Qd2 Qb6 22. Qd4 Bxa2 23. Bxc5 Qc7 24. Bb6 Qe7 25. Bxb7 1-0

[Event "Budapest FS12 FM-A"]
[Site "Budapest"]
[Date "2014.12.08"]
[Round "3"]
[White "Lukacs, Albert"]
[Black "Czibulka, Zoltan"]
[Result "0-1"]
[WhiteElo "1883"]
[BlackElo "2007"]
[PlyCount "83"]
[EventDate "2014.12.06"]
[EventType "tourn"]
[EventRounds "9"]
[EventCountry "HUN"]
[SourceTitle "CBM 163 Extra"]
[Source "ChessBase"]
[SourceDate "2014.12.23"]
[SourceVersion "1"]
[SourceVersionDate "2014.12.23"]
[SourceQuality "1"]

1. e4 e6 2. d4 d5 3. Bd3 dxe4 4. Bxe4 Nf6 5. Bd3 Bd7 6. Nf3 c5 7. Nc3 Bc6 8. 0-0 Nbd7 9. dxc5 Bxc5 10. Qe2 a6 11. Be3 Qb6 12. Bxc5 Nxc5 13. Qe3 Nfd7 14. Ng5 Nxd3 15. Qxd3 Nf6 16. a3 Rd8 17. Qe3 Qxe3 18. fxe3 Rd2 19. Nf3 Rxc2 20. Rf2 Rxf2 21. Kxf2 Ke7 22. Ke2 Ne4 23. Nxe4 Bxe4 24. Rc1 Kd6 25. Nd2 Bc6 26. e4 Rc8 27. Ke3 b5 28. Nf3 f6 29. Nd4 Bd7 30. Rd1 Ke7 31. Rd3 g6 32. b4 e5 33. Nb3 Rc2 34. Nc5 Bc8 35. Kf3 a5 36. h3 axb4 37. axb4 Rb2 38. Nb3 f5 39. g4 Bb7 40. gxf5 gxf5 41. Rc3 Bxe4+ 42. Ke3 0-1

[Event "Budapest Art Pub Cup 4th"]
[Site "Budapest"]
[Date "2014.04.19"]
[Round "5"]
[White "Czibulka, Zoltan"]
[Black "Orosz, Andras"]
[Result "1/2-1/2"]
[WhiteElo "2058"]
[BlackElo "2199"]
[PlyCount "135"]
[EventDate "2014.04.16"]
[EventType "swiss"]
[EventRounds "7"]
[EventCountry "HUN"]
[SourceTitle "EXT 2015"]
[Source "ChessBase"]
[SourceDate "2014.11.20"]
[SourceVersion "1"]
[SourceVersionDate "2014.11.20"]
[SourceQuality "1"]

1. Nf3 Nf6 2. c4 e6 3. g3 b6 4. Bg2 Bb7 5. 0-0 Be7 6. b3 0-0 7. Bb2 c5 8. d4 d6 9. Nc3 cxd4 10. Qxd4 a6 11. Rfd1 Qc7 12. Rac1 Nbd7 13. Nd2 Bxg2 14. Kxg2 Rfd8 15. f3 Qb7 16. e4 b5 17. Qe3 Rac8 18. Ne2 Nb6 19. Qd3 bxc4 20. Nxc4 Nxc4 21. Rxc4 Rxc4 22. Qxc4 Rc8 23. Qd3 h6 24. Rc1 d5 25. Rxc8+ Qxc8 26. Bxf6 dxe4 27. Qxe4 Bxf6 28. Qd3 Qc6 29. g4 g6 30. Ng3 Kg7 31. Ne4 Be5 32. Qe2 Bd4 33. Qc4 Qb6 34. h3 e5 35. h4 Qa5 36. Qe2 Qa3 37. Qc2 Qe7 38. Kh3 Qd7 39. Qd3 Qc8 40. Qc4 Qb7 41. Kg3 Qb6 42. g5 hxg5 43. hxg5 Be3 44. Kg2 Bf4 45. b4 Be3 46. a4 Bd4 47. b5 axb5 48. axb5 Qa5 49. Qe2 Qa1 50. Kg3 Qg1+ 51. Qg2 Qe1+ 52. Kg4 Qb1 53. Qh2 Kf8 54. Qh8+ Ke7 55. Qf6+ Ke8 56. Qh8+ Kd7 57. Nf6+ Kc7 58. b6+ Kb7 59. Ne4 Qg1+ 60. Ng3 Bf2 61. Qxe5 Bxg3 62. Qxg3 Qxg3+ 63. Kxg3 Kxb6 64. Kf4 Kc6 65. Ke5 Kd7 66. Kf6 Ke8 67. Kg7 Ke7 68. f4 1/2-1/2

[Event "Budapest Art Pub Cup 4th"]
[Site "Budapest"]
[Date "2014.04.19"]
[Round "4"]
[White "Juhasz, Bela"]
[Black "Czibulka, Zoltan"]
[Result "0-1"]
[WhiteElo "2114"]
[BlackElo "2058"]
[PlyCount "62"]
[EventDate "2014.04.16"]
[EventType "swiss"]
[EventRounds "7"]
[EventCountry "HUN"]
[SourceTitle "EXT 2015"]
[Source "ChessBase"]
[SourceDate "2014.11.20"]
[SourceVersion "1"]
[SourceVersionDate "2014.11.20"]
[SourceQuality "1"]

1. d4 d5 2. Nf3 Bf5 3. c4 dxc4 4. Qa4+ c6 5. Qxc4 Nd7 6. Nc3 e6 7. g3 h6 8. Bg2 Ngf6 9. 0-0 Be7 10. Re1 Ne4 11. Nd2 Nb6 12. Qb3 Nxd2 13. Bxd2 Qxd4 14. e4 Bh7 15. Rad1 Bc5 16. Re2 Qc4 17. Qc2 Nd5 18. a3 Nf6 19. Bf4 Bd4 20. Rxd4 Qxd4 21. Rd2 Qb6 22. Na4 Qb5 23. Bd6 Rd8 24. Nc5 Rxd6 25. Rxd6 0-0 26. b4 a5 27. Bf1 Qb6 28. bxa5 Qxa5 29. f3 Qxa3 30. Nxb7 Qxf3 31. Nc5 Qe3+ 0-1

[Event "Level op 2nd"]
[Site "Level"]
[Date "2014.03.29"]
[Round "4"]
[White "Toth, Laszlo"]
[Black "Czibulka, Zoltan"]
[Result "1/2-1/2"]
[WhiteElo "1780"]
[BlackElo "2058"]
[PlyCount "111"]
[EventDate "2014.03.28"]
[EventType "swiss"]
[EventRounds "7"]
[EventCountry "HUN"]
[SourceTitle "EXT 2020"]
[Source "ChessBase"]
[SourceDate "2019.10.17"]
[SourceVersion "1"]
[SourceVersionDate "2019.10.17"]
[SourceQuality "1"]

1. d4 d5 2. c4 c6 3. cxd5 cxd5 4. Nc3 Nf6 5. Nf3 Nc6 6. a3 e6 7. e3 Bd6 8. h3 0-0 9. Be2 Bd7 10. 0-0 Rc8 11. Bd2 Na5 12. Rc1 Nc4 13. Bxc4 Rxc4 14. Qb3 Qc8 15. Ne5 Bxe5 16. dxe5 Ne8 17. Ne2 f6 18. Rxc4 dxc4 19. Qc3 b5 20. Qd4 Qc7 21. exf6 Nxf6 22. Bb4 Rf7 23. Bd6 Qb7 24. f3 Qd5 25. Rd1 Bc6 26. e4 Qxd4+ 27. Rxd4 Nd7 28. Bb4 e5 29. Rd6 Rf6 30. Rd1 Kf7 31. Nc3 Nb6 32. Bc5 Be8 33. Rd8 a6 34. Rb8 Nd7 35. Rb7 Rc6 36. Bb4 h5 37. Nd5 g5 38. Bd2 Rg6 39. Kf2 g4 40. hxg4 hxg4 41. Bc3 gxf3 42. gxf3 Kf8 43. Bb4+ Kf7 44. Ra7 Rh6 45. Bc3 Re6 46. Nc7 Rc6 47. Nxa6 Kf6 48. Nb4 Rc8 49. Nd5+ Ke6 50. Nc7+ Kd6 51. Nxb5+ Kc6 52. Ra5 Rb8 53. a4 Bh5 54. Ra6+ Rb6 55. Rxb6+ Kxb6 56. Ke3 1/2-1/2

[Event "Budapest Karacsonyi op 4th"]
[Site "Budapest"]
[Date "2012.12.30"]
[Round "7"]
[White "Bodrogi, Laszlo"]
[Black "Czibulka, Zoltan"]
[Result "1/2-1/2"]
[WhiteElo "2059"]
[BlackElo "2053"]
[PlyCount "157"]
[EventDate "2012.12.27"]
[EventType "swiss"]
[EventRounds "7"]
[EventCountry "HUN"]
[SourceTitle "EXT 2014"]
[Source "ChessBase"]
[SourceDate "2013.11.20"]
[SourceVersion "1"]
[SourceVersionDate "2013.11.20"]
[SourceQuality "1"]

1. d4 e6 2. c4 b6 3. e4 d5 4. cxd5 exd5 5. exd5 Qxd5 6. Nc3 Bb4 7. Be2 Bb7 8. Bf3 Qe6+ 9. Be3 Bd5 10. Nh3 Qc6 11. Bxd5 Qxd5 12. Nf4 Bxc3+ 13. bxc3 Qc4 14. Qb3 Qxb3 15. axb3 Nf6 16. d5 Nbd7 17. c4 0-0 18. 0-0 a5 19. Bd4 Ne4 20. Rfe1 Rfe8 21. Re3 Nd6 22. Rxe8+ Rxe8 23. f3 Nf5 24. Bf2 Kf8 25. c5 Ne3 26. Re1 Nf5 27. Rc1 g5 28. Nd3 b5 29. c6 Ne5 30. Bc5+ Kg8 31. Re1 f6 32. Nxe5 fxe5 33. g4 Nh4 34. Kf2 Kf7 35. d6 cxd6 36. Bxd6 Ng6 37. Rc1 Rc8 38. Ba3 Nf4 39. Ke3 Ke6 40. Rc5 Nd5+ 41. Ke4 Nf6+ 42. Kd3 Rd8+ 43. Ke2 Rd5 44. Rc1 Rd8 45. c7 Rc8 46. Rc5 b4 47. Bb2 Nd5 48. Rxa5 Rxc7 49. Ra6+ Kf7 50. Bxe5 Rc2+ 51. Kd3 Rf2 52. Ke4 Nc3+ 53. Bxc3 bxc3 54. Rc6 c2 55. b4 Rxh2 56. b5 c1Q 57. Rxc1 Rb2 58. Rc5 Ke6 59. Rc6+ Kd7 60. Rh6 Rb4+ 61. Kd5 Rxb5+ 62. Kc4 Ra5 63. Rxh7+ Ke6 64. Kb4 Rd5 65. Kc4 Re5 66. Rh6+ Kf7 67. Kd4 Ra5 68. Rc6 Ke7 69. Ke4 Kf7 70. Rd6 Kg7 71. Rd5 Ra4+ 72. Rd4 Ra5 73. f4 gxf4 74. Kxf4 Kf6 75. Rd6+ Ke7 76. Rb6 Kf7 77. g5 Kg7 78. Kg4 Ra1 79. Rb7+ 1/2-1/2

[Event "Biatorbagy Gal Memorial 1st"]
[Site "Biatorbagy"]
[Date "2012.11.30"]
[Round "1"]
[White "Czibulka, Zoltan"]
[Black "Legrady, Laszlo Jr"]
[Result "1-0"]
[WhiteElo "2053"]
[BlackElo "1803"]
[PlyCount "151"]
[EventDate "2012.11.30"]
[EventType "swiss"]
[EventRounds "7"]
[EventCountry "HUN"]
[SourceTitle "EXT 2014"]
[Source "ChessBase"]
[SourceDate "2013.11.20"]
[SourceVersion "1"]
[SourceVersionDate "2013.11.20"]
[SourceQuality "1"]

1. Nf3 d5 2. c4 c6 3. g3 g6 4. Bg2 Bg7 5. 0-0 Nf6 6. d4 0-0 7. b3 Bg4 8. Nc3 Bxf3 9. Bxf3 e6 10. Bb2 Nbd7 11. Qd2 Re8 12. e4 dxe4 13. Nxe4 Nxe4 14. Bxe4 Nf6 15. Bg2 Qb6 16. Bc3 Qc7 17. Rad1 Rac8 18. Qb2 Nd7 19. a4 b6 20. Rfe1 a5 21. Rc1 Qb8 22. Re2 Nf8 23. Rce1 Red8 24. Rd2 Qc7 25. Red1 Nd7 26. Rd3 Nb8 27. Qd2 Qe7 28. Qb2 h5 29. c5 bxc5 30. dxc5 Rxd3 31. Rxd3 Bxc3 32. Qxc3 Rd8 33. Rd6 Rxd6 34. cxd6 Qxd6 35. Qxa5 Qd1+ 36. Bf1 Qxb3 37. Qd8+ Kg7 38. a5 Qb7 39. Qd6 Qa7 40. h3 Qb7 41. Bg2 Qa7 42. Bf3 Qb7 43. Kg2 Qa7 44. g4 hxg4 45. hxg4 Kh7 46. Qf8 Qb7 47. Qc5 Kg8 48. Be2 Kg7 49. Qc4 c5+ 50. f3 Qa7 51. Qb5 Nd7 52. a6 Kf6 53. Qc6 Nb8 54. Qd6 Kg7 55. Bb5 g5 56. Qe5+ Kf8 57. Qh8+ Ke7 58. Qe8+ Kf6 59. Qd8+ Kg7 60. Qxg5+ Kf8 61. Qd8+ Kg7 62. Qd6 Kg8 63. Kf1 Kg7 64. Ke2 Kg8 65. Kd3 Qa8 66. Kc4 Kg7 67. Qxc5 Nxa6 68. Bxa6 Qxf3 69. Qd4+ Kf8 70. Qh8+ Ke7 71. Qh4+ Qf6 72. g5 Qe5 73. Kb4 Kd6 74. Bc4 Qb2+ 75. Bb3 Ke5 76. Qh8+ 1-0

[Event "HUN-chT2 Maroczy 1213"]
[Site "Hungary"]
[Date "2012.10.07"]
[Round "2"]
[White "Csorsz, Ferenc"]
[Black "Czibulka, Zoltan"]
[Result "1-0"]
[WhiteElo "2022"]
[BlackElo "2056"]
[PlyCount "71"]
[EventDate "2012.09.16"]
[EventType "team-tourn"]
[EventRounds "11"]
[EventCountry "HUN"]
[SourceTitle "EXT 2014"]
[Source "ChessBase"]
[SourceDate "2013.11.20"]
[SourceVersion "1"]
[SourceVersionDate "2013.11.20"]
[SourceQuality "1"]
[WhiteTeam "Kisvarda"]
[BlackTeam "Hobagoly"]
[WhiteTeamCountry "HUN"]
[BlackTeamCountry "HUN"]

1. e4 e6 2. b3 d5 3. Bb2 dxe4 4. Nc3 Nf6 5. Qe2 Be7 6. Nxe4 Nxe4 7. Qxe4 Bf6 8. d4 c5 9. Bb5+ Nd7 10. 0-0-0 Qb6 11. Bc4 cxd4 12. Bxd4 Bxd4 13. Rxd4 Nf6 14. Qd3 Ke7 15. Nf3 Rd8 16. Rxd8 Qxd8 17. Qe3 Qa5 18. Rd1 Bd7 19. Ne5 Rd8 20. Kb2 h6 21. f4 g6 22. g4 h5 23. f5 gxf5 24. gxf5 Qc7 25. Nxf7 Ng4 26. Qg5+ Kxf7 27. Qxh5+ Kf8 28. Qh8+ Kf7 29. fxe6+ Kg6 30. Bd3+ Kg5 31. Qg7+ Kh4 32. Qh7+ Kg5 33. h4+ Kf6 34. Qf7+ Ke5 35. Qf5+ Kd6 36. Bb5+ 1-0

[Event "Budapest Karacsonyi op 2nd"]
[Site "Budapest"]
[Date "2010.12.29"]
[Round "4"]
[White "Farkas, Lajos"]
[Black "Czibulka, Zoltan"]
[Result "1-0"]
[WhiteElo "2149"]
[BlackElo "2092"]
[PlyCount "51"]
[EventDate "2010.12.27"]
[EventType "swiss"]
[EventRounds "7"]
[EventCountry "HUN"]
[SourceTitle "EXT 2022"]
[Source "ChessBase"]
[SourceDate "2021.10.06"]
[SourceVersion "1"]
[SourceVersionDate "2021.10.06"]
[SourceQuality "1"]

1. d4 e6 2. c4 Nf6 3. Nf3 c5 4. g3 cxd4 5. Nxd4 d5 6. Bg2 e5 7. Nc2 d4 8. 0-0 Nc6 9. b4 Bf5 10. a3 Be7 11. Bb2 0-0 12. Ne1 Qd7 13. Nf3 Bh3 14. b5 Na5 15. Nxe5 Qe6 16. Bxh3 Qxh3 17. Nd2 Bc5 18. Ndf3 Rae8 19. Qc2 Ng4 20. Nd3 b6 21. Nf4 Qh6 22. Qf5 Nxc4 23. Bc1 Nf6 24. Qd3 Ne5 25. Nxe5 Rxe5 26. Ne6 1-0

[Event "Budapest FS12 FM-A"]
[Site "Budapest"]
[Date "2010.12.10"]
[Round "7"]
[White "Czibulka, Zoltan"]
[Black "Tessedik, Karoly"]
[Result "1-0"]
[WhiteElo "2092"]
[BlackElo "1993"]
[PlyCount "69"]
[EventDate "2010.12.04"]
[EventType "tourn"]
[EventRounds "11"]
[EventCountry "HUN"]
[SourceTitle "CBM 139 Extra"]
[Source "ChessBase"]
[SourceDate "2011.01.05"]
[SourceVersion "1"]
[SourceVersionDate "2011.01.05"]
[SourceQuality "1"]

1. Nf3 d5 2. c4 c6 3. b3 e6 4. Bb2 Nd7 5. g3 Ngf6 6. Bg2 Bd6 7. Nc3 Qe7 8. 0-0 Ne5 9. d3 Nxf3+ 10. Bxf3 h5 11. e3 h4 12. Ne2 hxg3 13. fxg3 Bd7 14. Qd2 0-0-0 15. Bd4 c5 16. Bxf6 gxf6 17. cxd5 exd5 18. Nf4 Bxf4 19. exf4 Qd6 20. d4 Kb8 21. dxc5 Qxc5+ 22. Qf2 Qxf2+ 23. Rxf2 Bf5 24. Re2 Rd7 25. h4 Rhd8 26. Kf2 Bd3 27. Rd2 Be4 28. g4 f5 29. g5 d4 30. h5 Rc7 31. Rad1 Rc2 32. Rxc2 Bxc2 33. Rd2 Be4 34. h6 Kc7 35. Bh5 1-0